00472nam a2200085Ia 4500008004100000245002300041300025800064650001600322856004800338170517s9999 xx 000 0 und d aMusic on the Brain aIn an advanced age home in Australia, a substantial number of residents suffer from dementia, a merciless disease which robs them of their memories and their ability to perform even the most rudimentary of daily functions. Caregivers work desperately... xTechnology. uhttp://topdocumentaryfilms.com/music-brain/